000 00690cam a22002293a 4500
001 14043
003 PGUSA
005 20140828083312.0
008 041114s2004||||xxu|||||s|||||000 | eng d
040 _aPGUSA
_beng
042 _adc
050 4 _aDG
100 1 _aKetner, Ph. J.
245 1 0 _aEen kijkje op de Tentoonstelling te Milaan :
_bDe Aarde en haar Volken, 1906
_h[electronic resource] /
_cPh. J. Ketner
260 _bProject Gutenberg,
_c2004
506 _aPublic domain in the USA.
516 _aElectronic text
653 _aExposition internationale de Milan (1906)
830 0 _aProject Gutenberg
_v14043
856 4 0 _uhttp://www.gutenberg.org/ebooks/14043
942 _cEB
999 _c243298
_d243298